<?xml version="1.0" encoding="UTF-8"?>
<record
    xmlns:xsi="http://www.w3.org/2001/XMLSchema-instance"
    xsi:schemaLocation="http://www.loc.gov/MARC21/slim http://www.loc.gov/standards/marcxml/schema/MARC21slim.xsd"
    xmlns="http://www.loc.gov/MARC21/slim">

  <leader>02238cam a2200373 a 4500</leader>
  <controlfield tag="001">000013561</controlfield>
  <controlfield tag="003">DO-SdBNP</controlfield>
  <controlfield tag="005">20250421111014.0</controlfield>
  <controlfield tag="008">941019s1993    ck       b    000 0 spa d</controlfield>
  <datafield tag="020" ind1=" " ind2=" ">
    <subfield code="a">9586015211</subfield>
  </datafield>
  <datafield tag="040" ind1=" " ind2=" ">
    <subfield code="a">DO-SdBNP</subfield>
    <subfield code="b">spa</subfield>
    <subfield code="c">BNPHU</subfield>
  </datafield>
  <datafield tag="082" ind1=" " ind2=" ">
    <subfield code="a">338.18861</subfield>
    <subfield code="b">C737</subfield>
  </datafield>
  <datafield tag="245" ind1="0" ind2="0">
    <subfield code="a">Competitividad sin pobreza :</subfield>
    <subfield code="b">estudios para el desarrollo del campo en Colombia /</subfield>
    <subfield code="c">coordinadores ; Clara Gonz&#xE1;lez y Carlos Felipe Jaramillo ; pr&#xF3;logo, Armando Montenegro ; traducci&#xF3;n, Jimena Rueda ... [et al.].</subfield>
  </datafield>
  <datafield tag="260" ind1=" " ind2=" ">
    <subfield code="a">Santaf&#xE9; de Bogot&#xE1;, Colombia :</subfield>
    <subfield code="b">Departamento Nacional de Planeaci&#xF3;n,</subfield>
    <subfield code="c">1993.</subfield>
  </datafield>
  <datafield tag="300" ind1=" " ind2=" ">
    <subfield code="a">xii, 530 p. ;</subfield>
    <subfield code="c">23 cm.</subfield>
  </datafield>
  <datafield tag="490" ind1="0" ind2=" ">
    <subfield code="a">Econom&#xED;a agraria</subfield>
  </datafield>
  <datafield tag="500" ind1=" " ind2=" ">
    <subfield code="a">Incluye referencias bibliogr&#xE1;ficas y notas al pie de las p&#xE1;ginas</subfield>
  </datafield>
  <datafield tag="520" ind1="1" ind2=" ">
    <subfield code="a">"Serie de documentos encargados por la Nacional de Colombia Departamento de Planificaci&#xF3;n Contiene recomendaciones para la pol&#xED;tica agr&#xED;cola en la d&#xE9;cada de 1990 y m&#xE1;s all&#xE1;, basado en tres estrategias principales: 1) una pol&#xED;tica macroecon&#xF3;mica prudente, 2) un aumento de la competitividad impulsada por la inversi&#xF3;n de infraestructura y el fortalecimiento de la mecanismos para generar y transferir tecnolog&#xED;a, y 3) la inversi&#xF3;n social para mejorar el capital humano y reducir la pobreza. Varios art&#xED;culos t&#xE9;cnicos de expertos sobre el terreno justificar estas recomendaciones "- Handbook of Latin American Studies, v. 57.</subfield>
  </datafield>
  <datafield tag="650" ind1=" " ind2="4">
    <subfield code="a">Agricultura</subfield>
    <subfield code="x">Aspectos econ&#xF3;micos</subfield>
    <subfield code="z">Colombia</subfield>
    <subfield code="9">30378</subfield>
  </datafield>
  <datafield tag="650" ind1=" " ind2="4">
    <subfield code="a">Colombia</subfield>
    <subfield code="x">Condiciones econ&#xF3;micas</subfield>
    <subfield code="y">1970-</subfield>
    <subfield code="9">30899</subfield>
  </datafield>
  <datafield tag="650" ind1=" " ind2="4">
    <subfield code="a">Desarrollo rural</subfield>
    <subfield code="z">Colombia</subfield>
    <subfield code="9">30602</subfield>
  </datafield>
  <datafield tag="651" ind1=" " ind2="4">
    <subfield code="a">Colombia</subfield>
    <subfield code="x">Condiciones  rurales</subfield>
    <subfield code="9">30601</subfield>
  </datafield>
  <datafield tag="700" ind1="1" ind2=" ">
    <subfield code="a">Jaramillo, Carlos Felipe.</subfield>
    <subfield code="9">27291</subfield>
  </datafield>
  <datafield tag="700" ind1="1" ind2=" ">
    <subfield code="a">Gonz&#xE1;lez, Clara.</subfield>
    <subfield code="9">30901</subfield>
  </datafield>
  <datafield tag="700" ind1="1" ind2=" ">
    <subfield code="a">Montenegro, Armancdo</subfield>
    <subfield code="e">pr&#xF3;logo</subfield>
    <subfield code="9">30904</subfield>
  </datafield>
  <datafield tag="700" ind1="1" ind2=" ">
    <subfield code="a">Rueda, Jimena</subfield>
    <subfield code="e">traductor</subfield>
    <subfield code="9">30905</subfield>
  </datafield>
  <datafield tag="700" ind1="1" ind2=" ">
    <subfield code="a">Madrid, Jos&#xE9;</subfield>
    <subfield code="e">traductor</subfield>
    <subfield code="9">30906</subfield>
  </datafield>
  <datafield tag="700" ind1="1" ind2=" ">
    <subfield code="a">G&#xF3;mez, Jos&#xE9; Luis</subfield>
    <subfield code="e">traductro</subfield>
    <subfield code="9">30907</subfield>
  </datafield>
  <datafield tag="710" ind1="2" ind2=" ">
    <subfield code="a">Departamento Nacional de Planeacion</subfield>
    <subfield code="9">30900</subfield>
  </datafield>
  <datafield tag="710" ind1="1" ind2=" ">
    <subfield code="a">Colombia.</subfield>
    <subfield code="b">Departamento Nacional de Planeaci&#xF3;n.</subfield>
    <subfield code="9">30902</subfield>
  </datafield>
  <datafield tag="710" ind1="1" ind2=" ">
    <subfield code="a">Colombia.</subfield>
    <subfield code="b">Ministerio de Hacienda y Cr&#xE9;dito P&#xFA;blico.</subfield>
    <subfield code="9">30903</subfield>
  </datafield>
  <datafield tag="740" ind1="0" ind2=" ">
    <subfield code="a">Estudios para el desarrollo del campo en Colombia.</subfield>
  </datafield>
  <datafield tag="942" ind1=" " ind2=" ">
    <subfield code="2">ddc</subfield>
    <subfield code="c">LBS1</subfield>
  </datafield>
  <datafield tag="952" ind1=" " ind2=" ">
    <subfield code="0">0</subfield>
    <subfield code="1">0</subfield>
    <subfield code="5">2</subfield>
    <subfield code="7">0</subfield>
    <subfield code="8">MO</subfield>
    <subfield code="a">GR</subfield>
    <subfield code="b">GR</subfield>
    <subfield code="c">CT</subfield>
    <subfield code="d">2009-11-25</subfield>
    <subfield code="i">LF1</subfield>
    <subfield code="l">0</subfield>
    <subfield code="o">338.18861 C737</subfield>
    <subfield code="p">13561-10</subfield>
    <subfield code="r">2020-06-25</subfield>
    <subfield code="w">2020-06-25</subfield>
    <subfield code="y">2</subfield>
    <subfield code="Z">Pr&#xE9;stamo interno</subfield>
  </datafield>
  <datafield tag="952" ind1=" " ind2=" ">
    <subfield code="0">0</subfield>
    <subfield code="1">0</subfield>
    <subfield code="5">0</subfield>
    <subfield code="7">-1</subfield>
    <subfield code="8">MO</subfield>
    <subfield code="a">GR</subfield>
    <subfield code="b">GR</subfield>
    <subfield code="c">OI</subfield>
    <subfield code="d">2017-06-02</subfield>
    <subfield code="i">LF1</subfield>
    <subfield code="l">0</subfield>
    <subfield code="o">338.18861 C737</subfield>
    <subfield code="p">13561-20</subfield>
    <subfield code="r">2020-06-25</subfield>
    <subfield code="w">2020-06-25</subfield>
    <subfield code="y">1</subfield>
    <subfield code="Z">No se presta</subfield>
  </datafield>
  <datafield tag="999" ind1=" " ind2=" ">
    <subfield code="c">13183</subfield>
    <subfield code="d">13183</subfield>
  </datafield>
</record>
